Music Quiz

Random Music or Letter Quiz

'D' Named Bands & Musicians Quiz Stats

 Plays Quiz Updated Jun 13, 2012

Challenge
Share
Tweet
Embed
Score 0/30 Timer 06:00
3 Plays Today
2 Hit Songs 'D' Band/Artist % Correct
My Heart Will Go On
Because You Loved Me
Celine Dion
85.4%
Like a Rolling Stone
The Times They Are A-Changin'
Bob Dylan
84.8%
Hungry Like the Wolf
Girls on Film
Duran Duran
81.5%
Light My Fire
Break on Through
The Doors
76.7%
Sweet Caroline
America
Neil Diamond
74.7%
Money for Nothing
Sultans of Swing
Dire Straits
68.5%
Smoke on the Water
Highway Star
Deep Purple
66.6%
Pour Some Sugar On Me
Armageddon It
Def Leppard
63.9%
Thank God I'm a Country Boy
Rocky Mountain High
John Denver
62%
Independent Women Pt. 2
Say My Name
Destiny's Child
60.3%
Whip It
Working in the Coal Mine
Devo
59.2%
Come on Eileen
Geno
Dexys Midnight Runners
57.8%
California Love (w/2Pac)
Nuthin' But a G Thang
Dr. Dre
53.5%
Thank You
White Flag
Dido
47.7%
Listen to the Music
China Grove
Doobie Brothers
44.8%
2 Hit Songs 'D' Band/Artist % Correct
Beyond the Sea
Mack the Knife
Bobby Darin
44.3%
Crash Into Me
Ants Marching
Dave Matthews Band
43.5%
Not Ready to Make Nice
Goodbye Earl
Dixie Chicks
39.1%
Mellow Yellow
Sunshine Superman
Donovan
37.7%
One More Time
Harder Better Faster Stronger
Daft Punk
37.2%
Best I Ever Had
Forever (w/Eminem, Lil' Wayne)
Drake
27.6%
Party Up
Ruff Ryders' Anthem
DMX
23.4%
In My Head
Whatcha Say
Jason Derulo
22.7%
Mercy
Rain on Your Parade
Duffy
21.4%
I Don't Wanna Be
Chariot
Gavin DeGraw
20.4%
The Humpty Dance
Same Song
Digital Underground
20.3%
Love Will Lead You Back
Tell It to My Heart
Taylor Dayne
18.2%
It's Not Over
No Surprise
Daughtry
16.5%
Me, Myself & I
A Roller Skating Jam Named 'Saturdays'
De La Soul
12.9%
Hands Down
Stolen
Dashboard Confessional
9.8%

You're not logged in!

Compare scores with friends on all Sporcle quizzes.
OR
Log In

You Might Also Like...

Show Comments

Extras

Top Quizzes Today


Score Distribution

Your Account Isn't Verified!

In order to create a playlist on Sporcle, you need to verify the email address you used during registration. Go to your Sporcle Settings to finish the process.

Report this User

Report this user for behavior that violates our Community Guidelines.

Details: